Cathédrales et églises de France en images - Clic quiz - #3 - Statistiques

Statistiques générales
  • Ce quiz a été pris 81 fois
  • Le résultat moyen est 5 sur 8
Statistiques - réponses
Hint Réponse % Correct
Chartres
82%
Le Puy-en-Velay
82%
Vézelay
67%
Narbonne
63%
Lille
62%
Toulouse
58%
Mulhouse
52%
Limoges
50%
Aucun quiz correspondant
Distribution des résultats
% des personnes avec chaque résultat
Percentile par nombre de réponses
Votre historique - résultats
Vous n’avez pas pris ce quiz